Loading...
| History - American History | 2 | 0 | 0 | 0 | 30 | 20 | 35.00 | 2 | 2 |
| Science - Other Science | 1 | 1 | 0 | 0 | 25 | 33 | 52.50 | 2 | 2 |
| Arts - Other Arts | 1 | 1 | 0 | 0 | 25 | 64 | 87.00 | 0 | 2 |
| History - World History | 2 | 0 | 2 | 0 | 20 | 50 | 55.00 | 2 | 2 |
| Literature - British Lit | 0 | 1 | 0 | 0 | 10 | 131 | 131.00 | 1 | 1 |
| Beliefs - Mythology | 1 | 0 | 1 | 0 | 10 | 38 | 38.00 | 1 | 1 |
| History - Euro History | 0 | 1 | 0 | 0 | 10 | 131 | 131.00 | 0 | 1 |
| Thought - Philosophy | 0 | 1 | 0 | 0 | 10 | 116 | 116.00 | 0 | 1 |
| Literature - World Lit | 0 | 1 | 1 | 0 | 5 | 134 | 134.00 | 0 | 1 |
| Beliefs - Religion | 0 | 1 | 1 | 0 | 5 | 107 | 107.00 | 0 | 1 |
| Science - Physics | 0 | 0 | 1 | 0 | -5 | 0.00 | 0 | 0 | |
| Arts - Painting | 0 | 0 | 1 | 0 | -5 | 0.00 | 0 | 0 | |
| Other - Pop Culture | 0 | 0 | 1 | 0 | -5 | 0.00 | 0 | 0 | |
| Thought - Social Science | 0 | 0 | 2 | 0 | -10 | 0.00 | 0 | 0 | |
| Other - Other Academic | 0 | 0 | 2 | 0 | -10 | 0.00 | 0 | 0 |